| 000 | 00000nas 2200000zi 4500 |
| 001 | 9.500795 |
| 003 | CaOODSP |
| 005 | 20250224180237 |
| 007 | cr ||||||||||| |
| 008 | 150406d19972000oncqr pso||||f0 b0fre|d |
| 022 | |a1480-0799 |
| 040 | |aCaOODSP|bfre |
| 043 | |an-cn--- |
| 086 | 1 |aA27-19F-PDF |
| 110 | 1 |aCanada. |bAgriculture et agroalimentaire Canada. |bDirection générale des politiques, |eauteur, |eorganisme de publication. |
| 210 | 0 |aRapp. trimest. commer. agroaliment. faits saillants |b(En ligne) |
| 222 | 0|aRapport trimestriel sur le commerce agroalimentaire, faits saillants |b(En ligne) |
| 245 | 10|aRapport trimestriel sur le commerce agroalimentaire, faits saillants / |cDirection de l'analyse économique et stratégique. |
| 246 | 10|aCommerce agroalimentaire, faits saillants |
| 264 | 1|aOttawa : |bDirection générale des politiques, Direction de l'analyse économique et stratégique, Agriculture et Agroalimentaire Canada, |c[1997?]-[2000?] |
| 310 | |aTrimestriel |
| 362 | 1 |aParaît depuis 97:1 (1er trimestre, 1997); ne paraît plus après quatrième trimestre, 1999? |
| 500 | |aPubl. aussi en anglais sous le titre : Quarterly agri-food trade highlights. |
| 691 | 07|aCommerce|2gcpds |
| 691 | 07|aIndustrie agro-alimentaire|2gcpds |
| 775 | 08|tQuarterly agri-food trade highlights / |w(CaOODSP)9.504359 |
| 776 | 0#|tRapport trimestriel sur le commerce agroalimentaire, faits saillants |w(CaOODSP)9.512595 |